000
00236nam a2200097Ia 4500
005
20251222154338.0
008
251222s9999||||xx |||||||||||||| ||spa||
082
_a
REF.030/C96/T.14
245
0
_a
Enciclopedia ilustrada cumbre
942
_c
LIB
999
_c
34400
_d
34400